Amusement parks as flagship tourist attractions. Development and globalization
Zábavné parky - atraktivity cestovného ruchu. Vývoj zábavných parkov v procese globalizácie. Najatraktívnejšie zábavné parky z hľadiska počtu návštevníkov. Proces tvorby a prevádzkovania zábavných parkov na príklade Euro Disney Resort.
Enregistré dans:
| Auteur principal: | |
|---|---|
| Format: | Chapitre de livre |
| Langue: | anglais |
| Sujets: | |
| Tags: |
Pas de tags, Soyez le premier à ajouter un tag!
|
MARC
| LEADER | 00000naa a2200000 4500 | ||
|---|---|---|---|
| 001 | 0143230 | ||
| 005 | 20231016074222.7 | ||
| 041 | 0 | |a eng | |
| 044 | |a SK | ||
| 245 | 1 | 0 | |a Amusement parks as flagship tourist attractions. Development and globalization |c Zygmunt Kruczek |
| 520 | |a Zábavné parky - atraktivity cestovného ruchu. Vývoj zábavných parkov v procese globalizácie. Najatraktívnejšie zábavné parky z hľadiska počtu návštevníkov. Proces tvorby a prevádzkovania zábavných parkov na príklade Euro Disney Resort. | ||
| 610 | 2 | 0 | |a ruch cestovný |
| 610 | 2 | 0 | |a oddych |
| 610 | 2 | 0 | |a zákazníci |
| 610 | 2 | 0 | |a globalizácia |
| 610 | 2 | 0 | |a svet |
| 610 | 2 | 0 | |a vývoj |
| 100 | 1 | |a Kruczek, Zygmunt | |